| 000 | 00954cab a2200265 4500 | ||
|---|---|---|---|
| 001 | ABS48656 | ||
| 008 | 090401t1993 xxu||||| |||| 00| 0 eng d | ||
| 035 | _a(Sirsi) u67826 | ||
| 041 | _aeng | ||
| 100 | _aBaker, L. | ||
| 245 | 4 | _aThe way forward for commercial leases | |
| 260 | _c1993 | ||
| 350 | _a0 | ||
| 490 |
_aCS Monthly : General Practice _v2(8) May 1993, 5-6(2) |
||
| 520 | _aWith the depressed property market causing problems in landlord and tenant relationships the author suggests that this should fuel a reappraisal of established procedures and systems. For example the traditional 25-year lease may be more effectively replaced by a 15 or 10 year lease. | ||
| 650 | _a25-YEAR LEASES | ||
| 650 | _aFALLING MARKET | ||
| 650 | _aLANDLORD AND TENANT ACT 1954 | ||
| 650 | _aLEASE STRUCTURE | ||
| 650 | _aLEASES | ||
| 650 | _aREFORM | ||
| 690 | _aLANDLORD AND TENANT-BUSINESS TENANCIES | ||
| 942 | _n0 | ||
| 948 | _c04/03/1997 | ||
| 999 |
_c42490 _d42490 |
||